Statystyki dla Miasta nad Narwią

Kliknij tutaj aby rozwiązać quiz!

Ogólne statystyki

  • Ten quiz został rozwiązany 31 razy
  • Średni wynik to 8 z 11

Statystyki odpowiedzi

Liczba LudnościMiasto% Poprawnych
62 795Łomża
100%
51 893Ostrołęka
87%
19 448Pułtusk
74%
28 500Nowy Dwór Mazowiecki
70%
4 321Serock
70%
1 968Tykocin
70%
2 173Nowogród
65%
2 736Różan
65%
15 889Łapy
61%
988Suraż
61%
5 908Choroszcz
52%

Rozkład punktacji

Percentyl według liczby udzielonych odpowiedzi

Procent ludzi z każdym wynikiem

Twoja historia wyników

Nie rozwiązałeś tego quizu